| 000 | 01226nam a2200337 a 4500 | ||
|---|---|---|---|
| 001 | 000109015 | ||
| 003 | CHAP | ||
| 005 | 20220329144034.0 | ||
| 008 | 140328s2013 mx a |sm |||||||spa|d | ||
| 010 | _a105477 | ||
| 011 | _a106449 | ||
| 040 | _cCHAP | ||
| 090 | _aTesis | ||
| 100 | 1 |
_aVázquez Estrada, Cesar Giovanny _9126111 |
|
| 245 | 1 | 0 |
_aAnálisis de rentabilidad del vertedor de la presa Juan Sabines Mpio. La Concordia, Edo. de Chiapas _h[En línea] _cpor Cesar Giovanny Vázquez Estrada. |
| 260 |
_aChapingo, Méx. : _bEl autor, _c2013. |
||
| 500 | _aPara ver el contenido del material haga clic en la liga | ||
| 502 | _aTesis (Lic. en Economía Agrícola) -- UACH. División de Ciencias Económico Administrativas | ||
| 590 |
_aBATCH-UPD _b05 _c20141002 _lUCH01 _h0859 |
||
| 590 |
_aE792CSJ _b05 _c20140328 _lUCH01 _h0948 |
||
| 590 |
_aE792CSJ _b05 _c20140328 _lUCH01 _h0948 |
||
| 590 |
_aE792CSJ _b05 _c20140328 _lUCH01 _h0951 |
||
| 650 | 1 | 4 |
_aCompuertas. _926115 |
| 650 | 1 | 4 |
_aPresas _zChiapas. _9126115 |
| 650 | 1 | 4 |
_aProyectos _xDiseño. _992524 |
| 650 | 1 | 4 |
_aVertedores. _9118966 |
| 856 |
_aFinding aid _uhttp://10.13.5.2/tesis/sist109015.pdf _zTeclea aquí |
||
| 901 | _aBK | ||
| 942 | _cTESIS | ||
| 942 | _n0 | ||
| 999 |
_c105477 _d105477 |
||